Overhead projection /

Bibliografiske detaljer
Hovedforfatter: Sparks, Jerry D.
Format: Bog
Sprog:English
Udgivet: Englewood Cliffs, N.J. : Educational Technology Publications, c1981.
Serier:The Instructional media library ; v. no. 10
Fag:
Classic Catalogue: View this record in Classic Catalogue
LEADER 00913nam a2200241 a 4500
001 1354855
008 091008s1981 njua b 000 0 eng d
010 |a \\\80021334  
020 |z 0877781710 
020 |a 0877781702 
040 |a DLC  |c DLC  |d DLC 
082 0 0 |a 371.3/35  |2 19 
100 1 |a Sparks, Jerry D. 
245 1 0 |a Overhead projection /  |c Jerry D. Sparks. 
260 |a Englewood Cliffs, N.J. :  |b Educational Technology Publications,  |c c1981. 
300 |a viii, 95 p. :  |b ill. ;  |c 24 cm. 
490 0 |a The Instructional media library ;  |v v. no. 10 
504 |a Bibliography: p. 93-95. 
541 1 |e 00005079 
650 0 |a Overhead projection. 
852 4 |a Ayesha Abed Library  |j General shelf 
999 |c 4330  |d 4330 
952 |0 0  |1 0  |2 ddc  |4 0  |6 371_335000000000000_SPA_1981  |7 0  |9 4001  |a BRACUL  |b BRACUL  |c GEN  |d 2009-10-08  |g 0.00  |l 0  |o 371.335 SPA  |p 3010005079  |r 2009-10-08  |t 1  |w 2009-10-08  |y BK  |x No price found in the accession register.